|
|
|
|
| LEADER |
00000nam0a2200000 4500 |
| 001 |
376764 |
| 005 |
20231102012838.0 |
| 010 |
|
|
|a 9785948312033
|
| 035 |
|
|
|a (RuTPU)RU\TPU\retro\34206
|
| 035 |
|
|
|a RU\TPU\book\378895
|
| 090 |
|
|
|a 376764
|
| 100 |
|
|
|a 20230112d2022 k y0rusy50 ca
|
| 101 |
0 |
|
|a rus
|
| 102 |
|
|
|a RU
|
| 105 |
|
|
|a a z 011zy
|
| 200 |
1 |
|
|a Научный годовой отчет об основных исследовательских работах, выполненных в 2021 году
|f Росатом ; Научно-исследовательский институт атомных реакторов (НИИАР) ; под ред. В. В. Калыгина
|
| 210 |
|
|
|a Димитровград
|c Изд-во ГНЦ НИИАР
|d 2022
|
| 215 |
|
|
|a 230 с.
|c ил.
|
| 320 |
|
|
|a Список сокращений: с. 213-221
|
| 320 |
|
|
|a Список авторов статей с указанием страниц издания: с. 222-223
|
| 330 |
|
|
|a Отчёт содержит статьи о выполненных в 2021 году исследованиях и результатах работы по основным направлениям деятельности АО "ГНЦ НИИАР", таким как: исследовательские ядерные реакторы; исследования твэлов и реакторных материалов; исследования и разработки элементов топливного цикла ядерной энергетики; трансурановые элементы, радионуклидные препараты и источники излучений; радиационная и экологическая безопасность, обращение с отработавшим ядерным топливом и радиоактивными отходами; международная научно-техническая деятельность; редакционно-издательская деятельность. Отчёт предназначен для сотрудников научно-исследовательских организаций, конструкторских бюро, предприятий атомной промышленности и студентов соответствующих специальностей.
|
| 606 |
1 |
|
|a Ядерные реакторы
|2 stltpush
|3 (RuTPU)RU\TPU\subj\21616
|9 46573
|
| 610 |
1 |
|
|a исследовательские ядерные установки
|
| 610 |
1 |
|
|a ТВЭЛы
|
| 610 |
1 |
|
|a реакторные материалы
|
| 610 |
1 |
|
|a ядерная энергетика
|
| 610 |
1 |
|
|a топливный цикл
|
| 610 |
1 |
|
|a разработка
|
| 610 |
1 |
|
|a трансурановые элементы
|
| 610 |
1 |
|
|a радионуклидные препараты
|
| 610 |
1 |
|
|a источники излучений
|
| 610 |
1 |
|
|a радиационная безопасность
|
| 610 |
1 |
|
|a экологическая безопасность
|
| 610 |
1 |
|
|a отработанное ядерное топливо
|
| 610 |
1 |
|
|a обращение
|
| 610 |
1 |
|
|a радиоактивные отходы
|
| 610 |
1 |
|
|a международная научно-техническая деятельность
|
| 610 |
1 |
|
|a редакционно-издательская деятельность
|
| 610 |
1 |
|
|a годовые отчеты
|
| 675 |
|
|
|a 621.039.5
|v 4
|
| 702 |
|
1 |
|a Калыгин
|b В. В.
|4 340
|
| 712 |
0 |
2 |
|a Росатом
|c Государственная корпорация по атомной энергии
|c (2008- )
|2 stltpush
|3 (RuTPU)RU\TPU\col\14349
|9 25907
|
| 712 |
0 |
2 |
|a Научно-исследовательский институт атомных реакторов (НИИАР)
|c (Димитровград)
|2 stltpush
|3 (RuTPU)RU\TPU\col\386
|
| 801 |
|
1 |
|a RU
|b 63413507
|c 20160428
|
| 801 |
|
2 |
|a RU
|b 63413507
|c 20230327
|g RCR
|
| 942 |
|
|
|c BK
|